| 000 | 00000nam##2200000za#4500 |
| 001 | 9.602367 |
| 003 | CaOODSP |
| 005 | 20220328113246 |
| 007 | cr ||||||||||| |
| 008 | 150406|1998||||xxc|||||o f|0| 0 fre|d |
| 040 | |aCaOODSP|bfre |
| 043 | |an-cn--- |
| 086 | 1 |aC21-27/1-1998F-PDF |
| 110 | 1 |aCanada. |bIndustrie Canada. |
| 245 | 10|aTendances mondiales : |h[ressource électronique]|b1980-2015 et au delà / |cpar J. Bradford De Long. |
| 260 | |aOttawa - Ontario : |bIndustrie Canada |cNovembre 1998. |
| 300 | |a64p.|bgraphiques |
| 490 | 1 |aLe Canada au 21e siècle. I, Mise en situation|vN° 1 |
| 500 | |aLe n° de catalogue (C21-27/1-1998) et l'ISBN (0-662-63732-1) de l'édition imprimée bilingue ont été incorrectement copiés dans l'édition électronique. |
| 590 | |a11-24-Supp|b2011-10-24 |
| 691 | 07|aConditions économiques|2gcpds |
| 691 | 07|aPolitique économique|2gcpds |
| 720 | 1 |aDe Long, J. Bradford |
| 775 | 08|tGlobal trends : |w(CaOODSP)9.571947 |
| 776 | 0#|tGlobal trends : |w(CaOODSP)9.531092 |
| 776 | 0#|tTendances mondiales : |w(CaOODSP)9.531093 |
| 830 | #0|aLe Canada au 21e siècle. I, Mise en situation ;|vN° 1|w(CaOODSP)9.502916 |
| 856 | 40|ahttp://publications.gc.ca|qPDF|s167 Ko|uhttps://publications.gc.ca/collections/Collection/C21-27-1-1998F.pdf|yN° 1 |